Statistics for Click a Valid Country Shape #1

Click here to take the quiz!

General Stats

  • This quiz has been taken 35 times
  • The average score is 30 of 36

Answer Stats

QuestionTileSelect% Correct
That Are in AfricaYes
97%
That Are in AfricaNo
97%
That Are in AfricaNo
97%
That Are in AfricaNo
94%
That Are in AfricaNo
94%
That Are in AfricaNo
94%
That Are in AfricaYes
91%
That Have a Population Greater than Vatican CityYes
91%
That Have a Population Greater than Vatican CityYes
91%
That Have a Population Greater than Vatican CityYes
88%
That Have a Population Greater than Vatican CityYes
88%
That Have a Population Greater than Vatican CityYes
88%
That Have a Population Greater than Vatican CityYes
88%
That Have a Population Greater than Vatican CityYes
88%
That Have a Population Greater than Vatican CityYes
88%
That Are in AfricaNo
88%
That Are in AfricaNo
85%
That Have a Capital City Starting with the Letters M or RNo
85%
That Have a Capital City Starting with the Letters M or RNo
82%
That Have a Capital City Starting with the Letters M or RNo
82%
That Have a Capital City Starting with the Letters M or RNo
79%
That Have a Capital City Starting with the Letters M or RNo
79%
That Have a Capital City Starting with the Letters M or RYes
79%
That Have a Population Greater than Vatican CityYes
79%
That Are in NATONo
76%
That Are in NATOYes
76%
That Are in NATONo
76%
That Have a Capital City Starting with the Letters M or RNo
76%
That Are in NATONo
76%
That Are in NATONo
73%
That Have a Capital City Starting with the Letters M or RYes
73%
That Are in NATONo
73%
That Are in NATONo
70%
That Are in NATONo
70%
That Are in NATONo
70%
That Have a Capital City Starting with the Letters M or RYes
67%

Score Distribution

Percentile by Number Answered

Percent of People with Each Score

Your Score History

You have not taken this quiz